000 00289nam a22001337a 4500
008 170511b xxu||||| |||| 00| 0 eng d
020 _a2900132350067
041 _aeng
080 _25TH
_a343.9
100 _a15
101 _aSHJ
245 _aCRIMINOLOGY
_cBARKAN, S.E
942 _2udc
_cBK
999 _c13244
_d13244